| 000 | 00374nam a2200145Ia 4500 | ||
|---|---|---|---|
| 008 | 230524s9999 xx 000 0 und d | ||
| 020 | _a8174465197 | ||
| 100 | _aNilanjan Sengupta | ||
| 245 | 0 | _aInternational Human Resource Management | |
| 260 | _bExcel Books | ||
| 500 | _aQuantity Number: 2 | ||
| 650 | _aManagement | ||
| 700 | _aMousumi S.Bhattacharya | ||
| 942 | _cBK | ||
| 999 |
_c51312 _d51312 |
||